[Event "Milan Befana op"]
[Site "Milan"]
[Date "2011.01.05"]
[Round "5"]
[White "Astengo, Marcello"]
[Black "Illyuviev, Oleg"]
[Result "1-0"]
[WhiteElo "2118"]
[BlackElo "1987"]
[PlyCount "75"]
[EventDate "2011.01.02"]
[EventType "swiss"]
[EventRounds "6"]
[EventCountry "ITA"]
[SourceTitle "EXT 2012"]
[Source "ChessBase"]
[SourceDate "2011.11.24"]
[SourceVersion "1"]
[SourceVersionDate "2011.11.24"]
[SourceQuality "1"]

1. d4 d5 2. c4 Nc6 3. Nc3 dxc4 4. e3 e5 5. d5 Nce7 6. Bxc4 Ng6 7. Nf3 Bd6 8. 0-0 Nf6 9. e4 0-0 10. Bg5 a6 11. Rc1 h6 12. Bxf6 Qxf6 13. g3 Bh3 14. Re1 Bc5 15. Bf1 Bg4 16. Bg2 b5 17. h3 Bd7 18. a3 Qb6 19. Qc2 Bd6 20. Red1 Ne7 21. Ne1 a5 22. Nd3 h5 23. Nb1 f5 24. Nc5 Bc8 25. Ne6 Bxe6 26. dxe6 f4 27. Kh2 Rf6 28. Rd2 Rxe6 29. Qb3 Kf7 30. gxf4 a4 31. Qa2 exf4 32. e5 Bc5 33. Bxa8 Bxf2 34. Bf3 Qe3 35. Kg2 Be1 36. Rc3 Qxe5 37. Re2 Bxc3 38. Nxc3 1-0

[Event "Milan Befana op"]
[Site "Milan"]
[Date "2011.01.04"]
[Round "4"]
[White "Illyuviev, Oleg"]
[Black "Quagliarella, Sabino Remo"]
[Result "1-0"]
[WhiteElo "1987"]
[BlackElo "1926"]
[PlyCount "93"]
[EventDate "2011.01.02"]
[EventType "swiss"]
[EventRounds "6"]
[EventCountry "ITA"]
[SourceTitle "EXT 2012"]
[Source "ChessBase"]
[SourceDate "2011.11.24"]
[SourceVersion "1"]
[SourceVersionDate "2011.11.24"]
[SourceQuality "1"]

1. c4 e5 2. Nc3 Nf6 3. Nf3 Nc6 4. g3 d6 5. d3 Be7 6. Bg2 h6 7. Nd5 Be6 8. e4 Qd7 9. Bd2 Bg4 10. Ne3 Bh5 11. Nf5 Bf8 12. Bh3 Qd8 13. Rg1 Bxf3 14. Qxf3 g6 15. Ne3 Nd4 16. Qg2 c6 17. Bc3 h5 18. f4 Bh6 19. Rf1 Ng4 20. Bxg4 hxg4 21. Nxg4 Bg7 22. Bxd4 exd4 23. h4 Qd7 24. f5 gxf5 25. Rxf5 Qe6 26. 0-0-0 0-0-0 27. Rdf1 Rd7 28. Qf3 Rf8 29. Kc2 Rc7 30. Nf6 Bh6 31. a4 a6 32. a5 Be3 33. Ng4 d5 34. exd5 cxd5 35. Qxd5 Qe8 36. Nxe3 dxe3 37. Re5 Qa4+ 38. Kc3 Rd8 39. Qe4 Rcd7 40. Qf5 b5 41. axb6 e2 42. Rxe2 a5 43. Re5 Qb4+ 44. Kc2 Qa4+ 45. Kb1 Kb8 46. Rxa5 Qc6 47. Qc5 1-0

[Event "Corsico op"]
[Site "Corsico"]
[Date "2010.03.14"]
[Round "4"]
[White "Cazzaniga, Walter"]
[Black "Illyuviev, Oleg"]
[Result "1-0"]
[WhiteElo "2110"]
[BlackElo "2031"]
[PlyCount "41"]
[EventDate "2010.03.12"]
[EventType "swiss"]
[EventRounds "5"]
[EventCountry "ITA"]
[SourceTitle "EXT 2011"]
[Source "ChessBase"]
[SourceDate "2010.11.26"]
[SourceVersion "1"]
[SourceVersionDate "2010.11.26"]
[SourceQuality "1"]

1. d4 d5 2. c4 Nc6 3. Nf3 Bg4 4. Nc3 Bxf3 5. gxf3 dxc4 6. d5 Ne5 7. Qd4 Nd7 8. Qxc4 a6 9. Bf4 Rc8 10. Bh3 Ngf6 11. e4 c6 12. Qe2 cxd5 13. exd5 b5 14. 0-0 g5 15. Bg3 b4 16. Ne4 Nxe4 17. fxe4 Bg7 18. e5 Rc5 19. Rad1 0-0 20. e6 Nf6 21. d6 1-0

[Event "Milan Sport&Cultura op"]
[Site "Milan"]
[Date "2010.02.14"]
[Round "4"]
[White "Reale, Simone"]
[Black "Illyuviev, Oleg"]
[Result "1/2-1/2"]
[WhiteElo "1868"]
[BlackElo "1974"]
[PlyCount "67"]
[EventDate "2010.02.12"]
[EventType "swiss"]
[EventRounds "5"]
[EventCountry "ITA"]
[SourceTitle "EXT 2011"]
[Source "ChessBase"]
[SourceDate "2010.11.26"]
[SourceVersion "1"]
[SourceVersionDate "2010.11.26"]
[SourceQuality "1"]

1. d4 d5 2. c4 Nc6 3. Nf3 Nf6 4. cxd5 Qxd5 5. Nc3 Qa5 6. Bd2 e5 7. dxe5 Nxe5 8. Nxe5 Qxe5 9. g3 c6 10. Bf4 Qa5 11. Bg2 Be7 12. 0-0 Be6 13. Qc2 0-0 14. a3 h6 15. b4 Qh5 16. Rad1 g5 17. Bd6 Bxd6 18. Rxd6 Ne8 19. Rd4 f5 20. Na4 Nf6 21. Nc5 Bc8 22. Rfd1 Qf7 23. Rd6 a5 24. e4 fxe4 25. Nxe4 Nxe4 26. Bxe4 Bf5 27. Bxf5 Qxf5 28. Qxf5 Rxf5 29. Rxh6 axb4 30. axb4 Ra2 31. Rd8+ Kg7 32. Rhh8 Raxf2 33. Rhg8+ Kf7 34. Rgf8+ 1/2-1/2